The story of the Christian church in India and Pakistan / (Record no. 614)

MARC details
000 -LEADER
fixed length control field 00932cam a2200313 a 4500
001 - CONTROL NUMBER
control field 120265
003 - CONTROL NUMBER IDENTIFIER
control field GBCCL
005 - DATE AND TIME OF LATEST TRANSACTION
control field 20241126110342.0
008 - FIXED-LENGTH DATA ELEMENTS--GENERAL INFORMATION
fixed length control field 700526s1970 miu b 001 0 eng
010 ## -
-- 76075106
029 1# -
-- NLGGC
-- 781480116
035 ## - SYSTEM CONTROL NUMBER
System control number (OCoLC)ocm00074069
040 ## - CATALOGING SOURCE
Original cataloging agency DLC
Transcribing agency DLC
Modifying agency OCLCQ
-- LBB
043 ## -
-- a-ii---
-- a-pk---
049 ## -
-- LBBK
-- LBBC
050 0# -
-- BR1155
-- .N4
082 0# - DEWEY DECIMAL CLASSIFICATION NUMBER
Classification number 275.4
Item number NEI
090 ## - LOCALLY ASSIGNED LC-TYPE CALL NUMBER (OCLC); LOCAL CALL NUMBER (RLIN)
Classification number (OCLC) (R) ; Classification number, CALL (RLIN) (NR) BR1155
Local cutter number (OCLC) ; Book number/undivided call number, CALL (RLIN) .N4
100 1# - MAIN ENTRY--PERSONAL NAME
Personal name Neill, Stephen,
Dates associated with a name 1900-
245 14 - TITLE STATEMENT
Title The story of the Christian church in India and Pakistan /
Statement of responsibility, etc. by Stephen Neill.
260 ## - PUBLICATION, DISTRIBUTION, ETC.
Place of publication, distribution, etc. Grand Rapids :
Name of publisher, distributor, etc. Eerdmans,
Date of publication, distribution, etc. c1970.
300 ## - PHYSICAL DESCRIPTION
Extent 183 p. ;
Dimensions 20 cm.
490 0# - SERIES STATEMENT
Series statement Christian world mission books
490 0# - SERIES STATEMENT
Series statement Discipling the nations.
504 ## - BIBLIOGRAPHY, ETC. NOTE
Bibliography, etc. note Includes bibliographical references (p. 170-173) and index.
651 #0 - SUBJECT ADDED ENTRY--GEOGRAPHIC NAME
Geographic name India
General subdivision Church history.
651 #0 - SUBJECT ADDED ENTRY--GEOGRAPHIC NAME
Geographic name Pakistan
General subdivision Church history.
942 ## - ADDED ENTRY ELEMENTS (KOHA)
Source of classification or shelving scheme Dewey Decimal Classification
Koha item type Books
Koha issues (borrowed), all copies 1
Holdings
Withdrawn status Lost status Source of classification or shelving scheme Damaged status Not for loan Home library Current Library Shelving location Date acquired Total checkouts Full call number Barcode Date last seen Date last checked out Copy number Price effective from Koha item type
    Dewey Decimal Classification     GRACE BIBLE COLLEGE GRACE BIBLE COLLEGE Church History 2016-11-24 1 275.4 NEI 000279 2025-05-01 2018-10-22 c.1 2016-11-24 Books
© Grace Bible College Library 2025